Effect of mastery learning and concept attainment model on pupils achievement in science, their self-concept and class-room trust behaviour (Record no. 87031)

MARC details
000 -LEADER
fixed length control field 00415nam a2200133Ia 4500
008 - FIXED-LENGTH DATA ELEMENTS--GENERAL INFORMATION
fixed length control field 230917s9999||||xx |||||||||||||| ||und||
040 ## - CATALOGING SOURCE
-- 89723
Original cataloging agency VIVEKANANDA LIBRARY
041 ## - Language
-- English
082 ## - DDC NUMBER
Classification number 370.1523 R298E
100 ## - MAIN ENTRY--PERSONAL NAME
Personal name Renu Bala
245 #0 - TITLE STATEMENT
Title Effect of mastery learning and concept attainment model on pupils achievement in science, their self-concept and class-room trust behaviour
300 ## - PHYSICAL DESCRIPTION
Pages 262 p.
942 ## - ADDED ENTRY ELEMENTS (KOHA)
Koha item type Thesis
Holdings
Withdrawn status Lost status Damaged status Not for loan Location (home branch) Sublocation or collection (holding branch) Shelving location Date acquired Koha issues (times borrowed) Koha full call number Accession No. Koha date last seen Koha item type
        VIVEKANANDA LIBRARY VIVEKANANDA LIBRARY Reference 01/05/2003   370.1523 R298E 166503 17/09/2023 Thesis
© Designed and Maintained by Vivekananda Library, MDU Rohtak